MARC details
| 000 -LEADER |
| fixed length control field |
04257cas a2201177 a 4500 |
| 001 - CONTROL NUMBER |
| control field |
11176425 |
| 003 - CONTROL NUMBER IDENTIFIER |
| control field |
BDDh-ASL |
| 005 - DATE AND TIME OF LATEST TRANSACTION |
| control field |
20231015030026.0 |
| 008 - FIXED-LENGTH DATA ELEMENTS--GENERAL INFORMATION |
| fixed length control field |
750520c19699999enkar 0 a0eng c |
| 010 ## - LIBRARY OF CONGRESS CONTROL NUMBER |
| LC control number |
74417170 |
| 015 ## - NATIONAL BIBLIOGRAPHY NUMBER |
| National bibliography number |
010091890 |
| Source |
dnb |
| 016 7# - NATIONAL BIBLIOGRAPHIC AGENCY CONTROL NUMBER |
| Record control number |
010091890 |
| Source |
DE-101 |
| 016 7# - NATIONAL BIBLIOGRAPHIC AGENCY CONTROL NUMBER |
| Record control number |
6808-1 |
| Source |
DE-600 |
| 016 7# - NATIONAL BIBLIOGRAPHIC AGENCY CONTROL NUMBER |
| Record control number |
7706025 |
| Source |
DNLM |
| 016 7# - NATIONAL BIBLIOGRAPHIC AGENCY CONTROL NUMBER |
| Record control number |
F01400000 |
| Source |
DNLM |
| 016 7# - NATIONAL BIBLIOGRAPHIC AGENCY CONTROL NUMBER |
| Record control number |
009532038 |
| Source |
Uk |
| 016 ## - NATIONAL BIBLIOGRAPHIC AGENCY CONTROL NUMBER |
| Record control number |
(AMICUS)000000884785 |
| 022 0# - INTERNATIONAL STANDARD SERIAL NUMBER |
| International Standard Serial Number |
0071-3791 |
| ISSN-L |
0071-3791 |
| Source |
z |
| 030 ## - CODEN DESIGNATION |
| CODEN |
FEAUDC |
| 035 ## - SYSTEM CONTROL NUMBER |
| System control number |
(OCoLC)ocm01345792 |
| 040 ## - CATALOGING SOURCE |
| Original cataloging agency |
FUL |
| Language of cataloging |
eng |
| Transcribing agency |
FUL |
| Modifying agency |
YUS |
| -- |
NLM |
| -- |
NSD |
| -- |
IUL |
| -- |
HUL |
| -- |
IUL |
| -- |
OCL |
| -- |
DLC |
| -- |
NST |
| -- |
DLC |
| -- |
RCS |
| -- |
DLC |
| -- |
OCL |
| -- |
MUL |
| -- |
NST |
| -- |
HUL |
| -- |
NST |
| -- |
HUL |
| -- |
NST |
| -- |
SYS |
| -- |
GUA |
| -- |
HUL |
| -- |
WAU |
| -- |
CLU |
| -- |
DIBAM |
| -- |
NLGGC |
| -- |
LVB |
| -- |
NYDWH |
| -- |
CRU |
| -- |
OCLCQ |
| -- |
HEBIS |
| -- |
GBVCP |
| -- |
BLBSF |
| -- |
UKMGB |
| -- |
OCLCQ |
| -- |
OCLCO |
| -- |
OCLCF |
| -- |
BEDGE |
| -- |
OCLCO |
| -- |
YDXCP |
| -- |
OCLCQ |
| -- |
OCLCO |
| -- |
YDX |
| -- |
OCLCO |
| -- |
NLC |
| -- |
OCLCA |
| -- |
OCLCQ |
| -- |
XFF |
| -- |
OCLCQ |
| -- |
GILDS |
| -- |
CSA |
| -- |
OCLCO |
| -- |
GZM |
| -- |
OCLCA |
| -- |
BDDh-ASL |
| 042 ## - AUTHENTICATION CODE |
| Authentication code |
nsdp |
| -- |
pcc |
| 043 ## - GEOGRAPHIC AREA CODE |
| Geographic area code |
a------ |
| -- |
po----- |
| 050 00 - LIBRARY OF CONGRESS CALL NUMBER |
| Classification number |
DS1 |
| Item number |
.F3 |
| 050 14 - LIBRARY OF CONGRESS CALL NUMBER |
| Classification number |
AG105 |
| Item number |
.F37 |
| 060 00 - NATIONAL LIBRARY OF MEDICINE CALL NUMBER |
| Classification number |
DS 5 |
| Item number |
F219 |
| 082 04 - DEWEY DECIMAL CLASSIFICATION NUMBER |
| Classification number |
950.05 |
| Edition number |
19 |
| Item number |
FAR |
| 210 0# - ABBREVIATED TITLE |
| Abbreviated title |
Far East Australas. |
| 222 #4 - KEY TITLE |
| Key title |
The Far East and Australasia |
| 245 04 - TITLE STATEMENT |
| Title |
The Far East and Australasia 1970: |
| Remainder of title |
A survey and reference book of Asia and the Pacific/ |
| 250 ## - EDITION STATEMENT |
| Edition statement |
2nd ed. |
| 260 ## - PUBLICATION, DISTRIBUTION, ETC. |
| Place of publication, distribution, etc. |
London : |
| Name of publisher, distributor, etc. |
Europa Publications, |
| Date of publication, distribution, etc. |
1970. |
| 300 ## - PHYSICAL DESCRIPTION |
| Extent |
xviii, 1368 p. : |
| Other physical details |
illustrations, maps (some color) ; |
| Dimensions |
26 cm. |
| 310 ## - CURRENT PUBLICATION FREQUENCY |
| Current publication frequency |
Annual |
| 336 ## - CONTENT TYPE |
| Content type term |
text |
| Content type code |
txt |
| Source |
rdacontent |
| 337 ## - MEDIA TYPE |
| Media type term |
unmediated |
| Media type code |
n |
| Source |
rdamedia |
| 338 ## - CARRIER TYPE |
| Carrier type term |
volume |
| Carrier type code |
nc |
| Source |
rdacarrier |
| 362 0# - DATES OF PUBLICATION AND/OR SEQUENTIAL DESIGNATION |
| Dates of publication and/or sequential designation |
1969- |
| 490 1# - SERIES STATEMENT |
| Series statement |
2000- : Regional surveys of the world |
| 530 ## - ADDITIONAL PHYSICAL FORM AVAILABLE NOTE |
| Additional physical form available note |
Also issued online. |
| 588 ## - SOURCE OF DESCRIPTION NOTE |
| Source of description note |
Latest issue consulted: 33rd ed. (2002). |
| 590 ## - LOCAL NOTE (RLIN) |
| Local note |
SERBIB/SERLOC merged record |
| 650 14 - SUBJECT ADDED ENTRY--TOPICAL TERM |
| Topical term or geographic name entry element |
Condições econômicas |
| Geographic subdivision |
Ásia. |
| 650 #4 - SUBJECT ADDED ENTRY--TOPICAL TERM |
| Topical term or geographic name entry element |
Política |
| Geographic subdivision |
Ásia. |
| 650 #4 - SUBJECT ADDED ENTRY--TOPICAL TERM |
| Topical term or geographic name entry element |
Comércio |
| Geographic subdivision |
Ásia. |
| 650 #4 - SUBJECT ADDED ENTRY--TOPICAL TERM |
| Topical term or geographic name entry element |
Finanças |
| -- |
Ásia. |
| 650 14 - SUBJECT ADDED ENTRY--TOPICAL TERM |
| Topical term or geographic name entry element |
Política |
| Geographic subdivision |
Áustrália. |
| 650 #4 - SUBJECT ADDED ENTRY--TOPICAL TERM |
| Topical term or geographic name entry element |
Condições economicas |
| Geographic subdivision |
Áustrália. |
| 650 #4 - SUBJECT ADDED ENTRY--TOPICAL TERM |
| Topical term or geographic name entry element |
Comércio |
| Geographic subdivision |
Áustrália. |
| 650 #4 - SUBJECT ADDED ENTRY--TOPICAL TERM |
| Topical term or geographic name entry element |
Finanças |
| -- |
Áustrália. |
| 650 #7 - SUBJECT ADDED ENTRY--TOPICAL TERM |
| Topical term or geographic name entry element |
Conditions économiques. |
| Source of heading or term |
eclas |
| 650 #7 - SUBJECT ADDED ENTRY--TOPICAL TERM |
| Topical term or geographic name entry element |
Politique. |
| Source of heading or term |
eclas |
| 650 #7 - SUBJECT ADDED ENTRY--TOPICAL TERM |
| Topical term or geographic name entry element |
Données statistiques. |
| Source of heading or term |
eclas |
| 650 #7 - SUBJECT ADDED ENTRY--TOPICAL TERM |
| Topical term or geographic name entry element |
Aspects socio-économiques. |
| Source of heading or term |
eclas |
| 650 #7 - SUBJECT ADDED ENTRY--TOPICAL TERM |
| Topical term or geographic name entry element |
Aspects juridiques. |
| Source of heading or term |
eclas |
| 650 #7 - SUBJECT ADDED ENTRY--TOPICAL TERM |
| Topical term or geographic name entry element |
Publications périodiques. |
| Source of heading or term |
eclas |
| 650 #7 - SUBJECT ADDED ENTRY--TOPICAL TERM |
| Topical term or geographic name entry element |
Annuaires. |
| Source of heading or term |
eclas |
| 650 #7 - SUBJECT ADDED ENTRY--TOPICAL TERM |
| Topical term or geographic name entry element |
CRONOLOGIA HISTORICA |
| General subdivision |
PUBLICACIONES PERIODICAS. |
| Source of heading or term |
renib |
| 650 #7 - SUBJECT ADDED ENTRY--TOPICAL TERM |
| Topical term or geographic name entry element |
ORGANISMOS INTERNACIONALES |
| General subdivision |
DIRECTORIOS |
| -- |
PUBLICACIONES PERIODICAS. |
| Source of heading or term |
renib |
| 650 #7 - SUBJECT ADDED ENTRY--TOPICAL TERM |
| Topical term or geographic name entry element |
Länderforschung. |
| Source of heading or term |
stw |
| 650 #7 - SUBJECT ADDED ENTRY--TOPICAL TERM |
| Topical term or geographic name entry element |
Internationale Organisation. |
| Source of heading or term |
stw |
| 650 #7 - SUBJECT ADDED ENTRY--TOPICAL TERM |
| Topical term or geographic name entry element |
Asien. |
| Source of heading or term |
stw |
| 650 #7 - SUBJECT ADDED ENTRY--TOPICAL TERM |
| Topical term or geographic name entry element |
Asiatisch-pazifischer Raum. |
| Source of heading or term |
stw |
| 650 #7 - SUBJECT ADDED ENTRY--TOPICAL TERM |
| Topical term or geographic name entry element |
Sowjetunion (Asiatischer Teil) |
| Source of heading or term |
stw |
| 650 #7 - SUBJECT ADDED ENTRY--TOPICAL TERM |
| Topical term or geographic name entry element |
Australien. |
| Source of heading or term |
stw |
| 650 #7 - SUBJECT ADDED ENTRY--TOPICAL TERM |
| Topical term or geographic name entry element |
Pazifischer Raum. |
| Source of heading or term |
stw |
| 650 #7 - SUBJECT ADDED ENTRY--TOPICAL TERM |
| Topical term or geographic name entry element |
Statistik. |
| Source of heading or term |
stw |
| 650 #7 - SUBJECT ADDED ENTRY--TOPICAL TERM |
| Topical term or geographic name entry element |
Gebietskörperschaft. |
| Source of heading or term |
stw |
| 650 17 - SUBJECT ADDED ENTRY--TOPICAL TERM |
| Topical term or geographic name entry element |
AREA STUDIES. |
| Source of heading or term |
unbist |
| 650 17 - SUBJECT ADDED ENTRY--TOPICAL TERM |
| Topical term or geographic name entry element |
ASIA AND THE PACIFIC. |
| Source of heading or term |
unbist |
| 650 27 - SUBJECT ADDED ENTRY--TOPICAL TERM |
| Topical term or geographic name entry element |
HISTORY. |
| Source of heading or term |
unbist |
| 650 27 - SUBJECT ADDED ENTRY--TOPICAL TERM |
| Topical term or geographic name entry element |
DIRECTORIES. |
| Source of heading or term |
unbist |
| 651 #0 - SUBJECT ADDED ENTRY--GEOGRAPHIC NAME |
| Geographic name |
Asia |
| Form subdivision |
Periodicals. |
| 651 #0 - SUBJECT ADDED ENTRY--GEOGRAPHIC NAME |
| Geographic name |
Oceania |
| Form subdivision |
Periodicals. |
| 651 #7 - SUBJECT ADDED ENTRY--GEOGRAPHIC NAME |
| Geographic name |
Extrême-Orient. |
| Source of heading or term |
eclas |
| 651 #7 - SUBJECT ADDED ENTRY--GEOGRAPHIC NAME |
| Geographic name |
Asia. |
| Source of heading or term |
fast |
| Authority record control number or standard number |
(OCoLC)fst01240495 |
| 651 #7 - SUBJECT ADDED ENTRY--GEOGRAPHIC NAME |
| Geographic name |
Oceania. |
| Source of heading or term |
fast |
| Authority record control number or standard number |
(OCoLC)fst01242982 |
| 651 #6 - SUBJECT ADDED ENTRY--GEOGRAPHIC NAME |
| Geographic name |
Extrême-Orient |
| Form subdivision |
Périodiques. |
| 651 #6 - SUBJECT ADDED ENTRY--GEOGRAPHIC NAME |
| Geographic name |
Australasie |
| Form subdivision |
Périodiques. |
| 651 #7 - SUBJECT ADDED ENTRY--GEOGRAPHIC NAME |
| Geographic name |
Southeast Asia. |
| Source of heading or term |
ltcsh |
| 651 #2 - SUBJECT ADDED ENTRY--GEOGRAPHIC NAME |
| Geographic name |
Asia. |
| 651 #2 - SUBJECT ADDED ENTRY--GEOGRAPHIC NAME |
| Geographic name |
Australia. |
| 651 #2 - SUBJECT ADDED ENTRY--GEOGRAPHIC NAME |
| Geographic name |
New Zealand. |
| 651 #2 - SUBJECT ADDED ENTRY--GEOGRAPHIC NAME |
| Geographic name |
Pacific Islands. |
| 655 #7 - INDEX TERM--GENRE/FORM |
| Genre/form data or focus term |
Periodicals. |
| Source of term |
fast |
| Authority record control number or standard number |
(OCoLC)fst01411641 |
| 655 #7 - INDEX TERM--GENRE/FORM |
| Genre/form data or focus term |
Periodicals. |
| Source of term |
lcgft |
| 655 #2 - INDEX TERM--GENRE/FORM |
| Genre/form data or focus term |
Encyclopedia. |
| 655 #2 - INDEX TERM--GENRE/FORM |
| Genre/form data or focus term |
Periodical. |
| 710 2# - ADDED ENTRY--CORPORATE NAME |
| Corporate name or jurisdiction name as entry element |
Europa Publications Limited. |
| 776 08 - ADDITIONAL PHYSICAL FORM ENTRY |
| Relationship information |
Online version: |
| Title |
Far East and Australasia |
| Record control number |
(OCoLC)607807597 |
| 785 01 - SUCCEEDING ENTRY |
| Title |
South Asia (London, England) |
| Record control number |
(DLC) 2004222588 |
| -- |
(OCoLC)54017151 |
| 830 #0 - SERIES ADDED ENTRY--UNIFORM TITLE |
| Uniform title |
Regional surveys of the world. |
| 906 ## - LOCAL DATA ELEMENT F, LDF (RLIN) |
| a |
7 |
| b |
cbc |
| c |
serials |
| d |
3 |
| e |
ncip |
| f |
19 |
| g |
n-oclcserc |
| 942 ## - ADDED ENTRY ELEMENTS (KOHA) |
| Source of classification or shelving scheme |
Dewey Decimal Classification |
| Koha item type |
Books |